Normal view
MARC view
- تربية وتعليم-تربية إسلامية-تدريس
Entry Topical Term
001 - CONTROL NUMBER
- control field: 23261
003 - CONTROL NUMBER IDENTIFIER
- control field: JO-AjAnu
005 - DATE AND TIME OF LATEST TRANSACTION
- control field: 20230606074012.0
008 - FIXED-LENGTH DATA ELEMENTS
- fixed length control field: 230606|| aca||aabn | a|a d
040 ## - CATALOGING SOURCE
- Original cataloging agency: JO-AjAnu
- Transcribing agency: JO-AjAnu
150 ## - HEADING--TOPICAL TERM
- Topical term or geographic name entry element: تربية وتعليم-تربية إسلامية-تدريس
670 ## - SOURCE DATA FOUND
- Source citation: Work cat.: (JO-AjAnu)11954: موسى،مصطفى إسماعيل, author 23260, الإتجاهات الحديثة في طرائق تدريس التربية الدينية الإسلامية